000
00163nam a22000857a 4500
020
_a
9781603469203
082
_a
K423
245
_a
PHONICS IS FUN - BOOK 1
942
_c
BK
999
_c
5076
_d
5076